000 00584nam a22001937a 4500
003 OSt
005 20180116183030.0
008 151218b xxu||||| |||| 00| 0 eng d
020 _a03-839-2010-1
024 _203-839-2010-1
040 _cLahore LUMS
082 _2
_a174.4 LUM 2010
100 _aChatha, KA
245 _aSYSTEMIZING PROJECT MANAGEMENT (PRACTICES) AT ELECTRONIC SYSTEMS
_cChatha, KA
260 _aLahore LUMS
_b174.4 LUM 2010
_c2010
300 _a22 p.
_bPapers
440 _aITEMIZING PROJECT MANAGEMENT (PRACTICES) AT ELECTRONIC SYSTEMS
942 _2ddc
_cCS
999 _c350978
_d350978